000
00244nam a2200097Ia 4500
001
1102011
005
20250827003313.0
008
250824s9999 xx 000 0 und d
245
0
_a
DİŞİTAL TAPINAK
_c
HALUK ÖZDİL
260
_b
DESTEK YAYINLARI
999
_c
1102011
_d
1102011